Normal view
MARC view
Entry Nombre personal
001 - NÚMERO DE CONTROL
- campo de control: 7268
003 - IDENTIFICADOR DE NÚMERO DE CONTROL
- campo de control: Biblioxarxa
005 - FECHA Y HORA DE LA ÚLTIMA TRANSACCIÓN
- campo de control: 20251125182534.0
008 - ELEMENTOS DE DATO DE LONGITUD-FIJA
- campo de control de longitud fija: 251125|| aca||aabn | a|a d
040 ## - FUENTE DE CATALOGACIÓN
- Centro catalogador/agencia de origen: Biblioxarxa
- Centro/agencia transcriptor: Biblioxarxa
100 ## - ENCABEZAMIENTO-NOMBRE DE PERSONA
- Nombre de persona: Pardo Bazán, Emilia,
- Títulos y otros términos asociados al nombre: Condesa de
- Fechas asociadas al nombre: 1851-1921
670 ## - FUENTE DE DATOS ENCONTRADOS
- Cita de la fuente: Work cat.: (Biblioxarxa)0: Pardo Bazán, Emilia, Condesa de 1851-1921 autor aut, El encaje roto :